000 00359nam a2200133Ia 4500
008 151001s9999||||xx |||||||||||||| ||und||
100 _a कुश्नचंदर
245 _aएक खत एक खुशबू
250 _a1
260 _bजनचेतना प्रकाशन
260 _c2005
300 _a120
365 _b21
999 _c986060
_d986057